000 01215cad a22002895a 4500
001 E144582
008 080730s2008 xxk f s000 0 eng d
020 _a9780755971763
022 1 _a1741-1203
035 _a(Sirsi) u144582
041 0 _aeng
050 0 4 _a711.1 $2 18
110 2 _aScotland
_bScottish Government
_95344
245 0 0 _aScottish planning policy SPP 3
_bplanning for homes
_h[electronic resource]
250 _aRevised 2008
260 _aEdinburgh
_bScottish Government
_c2008
490 0 _aScottish Planning Policies
_vSPP 3
520 _aPresents the Scottish Government's policy on identifying housing requirements, providing land for housing and delivering homes using the planning system. The aim is to provide an improved range of housing better meet the needs of Scotland's population.
520 _aSupersedes the previous edition (ISBN 0755923235).
521 _aIntroductory
590 _aKA
650 2 4 _aSPP3
651 4 _aScotland
_y1999-
690 _aPROPERTY-RESIDENTIAL PROPERTY-DOMESTIC RESIDENTIAL PROPERTY-HOUSING
856 4 0 _uhttps://www.scotland.gov.uk/Publications/2008/07/25092557/0
_zView the guidance free of charge at www.scotland.gov.uk...
942 _n0
999 _c108550
_d108550